000 00254nam a22001097a 4500
008 170118b xxu||||| |||| 00| 0 eng d
020 _a9996076164
041 _aeng
080 _27TH
_a618.2
245 _aMEDICAL-SURGICAL NURSING
_cO'BRIEN
942 _2udc
_cBK
999 _c3110
_d3110